| 000 | 00634nam a22001337a 4500 | ||
|---|---|---|---|
| 040 | _cRUA | ||
| 082 | _aAVM NUT 2013 B105 Or.1 | ||
| 100 | _aNUTH PAGNA | ||
| 245 | _aSurvey on infectionus diseases of pig in tramkok district, takeo province, (ការអង្កេតពីជំងឺរាតត្បាតលើជ្រូកដែលជួបប្រទះ នៅស្រុកត្រំាកក់ ខេត្តតាកែវ) | ||
| 260 |
_aPhnom Penh _bRua _c2013 |
||
| 300 |
_aix; 53p. _bill. _c29cm. |
||
| 856 | _uhttps://drive.google.com/file/d/196CK6zk3lC_JpbcdmYGO8o4HScNFoFee/view?usp=sharing | ||
| 942 | _cAVM | ||
| 999 |
_c2718 _d2718 |
||